Normal view
MARC view
- Knowledge management
Entry Topical Term
001 - CONTROL NUMBER
- control field: 6843
003 - CONTROL NUMBER IDENTIFIER
- control field: OSt
005 - DATE AND TIME OF LATEST TRANSACTION
- control field: 20170522125701.0
008 - FIXED-LENGTH DATA ELEMENTS
- fixed length control field: 170522|| aca||aabn | a|a d
040 ## - CATALOGING SOURCE
- Original cataloging agency: OSt
- Transcribing agency: OSt
150 ## - HEADING--TOPICAL TERM
- Topical term or geographic name entry element: Knowledge management
- General subdivision: Data processing.
670 ## - SOURCE DATA FOUND
- Source citation: Work cat.: (OSt): Knowledge management tools and techniques, 2005.

PORTAL AKMAL
E-MEL JKDM
AKMAL2U
G-BAM
u-PUSTAKA